Viajes de Simbad / (Registro nro. 10593)

Detalles MARC
000 -LIDER
fixed length control field 00716nam a22002537a 4500
001 - NÚMERO DE CONTROL
Identificador de número de control 3014
003 - IDENTIFICACDOR DE NÚMERO DE CONTROL
control field DO-SdBNP
005 - DATE AND TIME OF LATEST TRANSACTION
control field 20241002130304.0
007 - CAMPOS FIJOS DE DESCRIPCIÓN FÍSICA
fixed length control field 3014
008 - ELEMENTOS DE LONGITUD FIJA
fixed length control field 160627b 2007 ag 00| 0 spa d
020 ## - ISBN
International Standard Book Number 9789500833506
040 ## - FUENTE DE CATALOGACIÓN
Agencia que crea de manera original el registro BPMSU
Idioma de catalogación spa
Agencia que realiza la transcripción BPMSU
082 #4 - NÚMERO DE CLASIFICACIÓN DECIMAL DE DEWEY
Classification number 813.41
Item number A355v 2007
Edition number 22
100 1# - ASIENTO PRINCIPAL -- NOMBRE PERSONAL
Nombre personal Serrano Plaja, A
Fechas asociadas con el nombre
245 ## - MENCIÓN DE TITULO
Título Viajes de Simbad /
Mención de responsabilidad anónimo ; adaptado por A. Serrano Plaja
250 ## - MENCIÓN DE EDICION
Mención de edición 14a. ed.
260 ## - PUBLICACIÓN, DISTRIBUCIÓN, ETC. (PIE DE IMPRENTA)
Lugar de publicación, distribución, etc Bunos Aires :
Nombre del editor, distribuidor, etc. Atlántida,
Fecha de publicación, distribución, etc 2007.
300 ## - DESCRIPCIÓN FÍSICA
Extensión 172 p. :
Otros detalles físicos il. ;
Dimensiones 22 cm.
490 0# - MENCIÓN DE SERIES
Mención de serie Nueva biblioteca Billiken,
Volume/sequential designation 29
590 ## - NOTA LOCAL
Texto de la nota local Inventariado, 2024/VM
650 #4 - ENCABEZAMIENTO DE MATERIA--TEMÁTICO
Término temático o nombre geográfico como elemento de entrada Novela estadounidense
910 ## - VALIDACIÓN
Validación VMateo V. Control de calidad BPMSU
942 ## - ADDED ENTRY ELEMENTS (KOHA)
Source of classification or shelving scheme Dewey Decimal Classification
Koha item type Libros
Existencias
Withdrawn status Lost status Source of classification or shelving scheme Damaged status Not for loan Collection code Home library Current library Date acquired Source of acquisition Total Checkouts Full call number Barcode Date last seen Price effective from Koha item type Copy number
    Dewey Decimal Classification     Colección Juvenil General Biblioteca Pública Metropolitana Salomé Ureña Biblioteca Pública Metropolitana Salomé Ureña 06/27/2016   BPMSU CJG 813.41 A355v 2007 BPMSU16060584 06/27/2016 06/27/2016 Libros  
    Dewey Decimal Classification     Colección Juvenil General Biblioteca Pública Metropolitana Salomé Ureña Biblioteca Pública Metropolitana Salomé Ureña 06/27/2016     BPMSU CJG 813.41 A355v 2007 BPMSU16060585 06/27/2016 06/27/2016 Libros e.2
    Dewey Decimal Classification       Biblioteca Pública Metropolitana Salomé Ureña Biblioteca Pública Metropolitana Salomé Ureña 06/27/2016     BPMSU CJG 813.41 A355v 2007 BPMSU24100001 06/27/2016 06/27/2016 Libros e.3